|
|
|
|
| LEADER |
01338nam a2200253 a 4500 |
| 003 |
GR-PaULI |
| 005 |
20201119140240.0 |
| 008 |
070618s2007 enkab b 001 0 eng d |
| 952 |
|
|
|0 0
|1 0
|2 ddc
|4 0
|6 577_520000000000000_THO
|7 0
|9 227923
|a LISA
|b LISA
|c BSC
|d 2018-11-26
|i 14394
|l 0
|o 577.52 THO
|p 027000001444
|r 2018-11-26 00:00:00
|t 1
|w 2018-11-26
|y BK15
|
| 952 |
|
|
|0 0
|1 0
|2 ddc
|4 0
|6 577_520000000000000_THO
|7 0
|9 240175
|a LISA
|b LISA
|c BSC
|d 2020-04-08
|i 15824
|l 0
|o 577.52 THO
|p 025000267782
|r 2020-04-08 00:00:00
|t 2
|w 2020-04-08
|y BK15
|
| 999 |
|
|
|c 137505
|d 137505
|
| 020 |
|
|
|a 9780521671064 (pbk.)
|
| 040 |
|
|
|a GR-PaULI
|c GR-PaULI
|b gre
|d GR-AiPI
|e AACR2
|
| 082 |
0 |
4 |
|a 577.52
|2 23
|
| 100 |
1 |
|
|a Thornton, I. W. B.
|q (Ian W. B.)
|9 172486
|e συγγραφέας.
|
| 245 |
1 |
0 |
|a Island colonization :
|b the origin and development of island communities /
|c Ian Thornton ; edited by Tim New.
|
| 260 |
|
|
|a Cambridge ;
|a New York :
|b Cambridge University Press,
|c 2007.
|
| 300 |
|
|
|a xii, 287 σ. :
|b εικ., χάρτες ;
|c 26 εκ.
|
| 504 |
|
|
|a Περιλαμβάνει βιβλιογραφικές παραπομπές (σ. [260]-280) και ευρετήριο.
|
| 650 |
|
4 |
|a Νησιά
|9 61960
|x Οικολογία
|
| 650 |
|
4 |
|a Βιογεωγραφία
|9 35527
|
| 700 |
1 |
|
|a New, T. R.
|9 14318
|e επιμελητής.
|
| 942 |
|
|
|2 ddc
|c BK15
|
| 998 |
|
|
|c ΜΙΧΟΣΤΑΥΡΟΥ
|d 2018-11
|